000 00849nam a2200205 a 4500
001 56310
005 20180714052017.0
008 140415s2004 xxu 000 0 eng d
020 _a0735619913
041 _aeng
082 _a005.8
_bSWI
100 1 _aSWIDERSKI, FRANK
245 1 0 _aTHREAT MODELING
250 _a1a ed.
260 _aESTADOS UNIDOS DE AMERICA :
_bMICROSOFT CORPORATION,
_c2004
300 _a149
_c19 x 2 x 23
520 _aIS THIS STRAIGHTFORWARD AND PRACTICAL GUIDE, MOCROSOFT APPLICATION SECURITY SPECIALISTS FRANK SWIDERSKI AND WINDOW SNYDER DESCRIBE THE CONCEPTS AND GOALS FOR THREAT MODELING -A STRUCTURED APPROACH FOR IDENTIFYING, EVALUATIN, AND MITIGATIN RISK TO SYSTEM SECURTIY
650 1 4 _aSEGURIDAD EN COMPUTADORES
_xREDES DE COPUTADORES
_xMEDIDAS DE SEGURIDAD
700 1 _aSNYDER, WINDOW
_ecoaut.
999 _c56310
_d56310